Многомашинная СУБД Компас

Detaylı Bibliyografya
Diğer Yazarlar: Полукеев О. А., Пржиялковский В. В., Тихомиров С. Е., Филиппов В. И., Шкотин А. В.
Özet:Исключено из фонда НТБ ТПУ
Dil:Rusça
Baskı/Yayın Bilgisi: Москва, Вычислительный центр АН СССР, 1991
Materyal Türü: Kitap
KOHA link:https://koha.lib.tpu.ru/cgi-bin/koha/opac-detail.pl?biblionumber=28738

MARC

LEADER 00000nam0a2200000 4500
001 28738
005 20231030202947.0
035 |a (RuTPU)RU\TPU\book\28995 
035 |a BOOK00029070 
090 |a 28738 
100 |a 20011209d1991 k y0rusy50 ca 
101 0 |a rus 
102 |a RU 
105 |a y z 000zy 
200 1 |a Многомашинная СУБД Компас  |f О. А. Полукеев, В. В. Пржиялковский, С. Е. Тихомиров и др. 
210 |a Москва  |c Вычислительный центр АН СССР  |d 1991 
215 |a 122 с. 
333 |a Исключено из фонда НТБ ТПУ 
701 1 |a Полукеев  |b О. А. 
701 1 |a Пржиялковский  |b В. В. 
701 1 |a Тихомиров  |b С. Е. 
701 1 |a Филиппов  |b В. И. 
701 1 |a Шкотин  |b А. В. 
801 0 |a RU  |b 63413507  |c 20011209  |g PSBO 
801 2 |a RU  |b 63413507  |c 20170524  |g PSBO 
942 |c BK